Casa, chacra y dinero: economías domésticas y ecología en los Andes

Guardat en:
Dades bibliogràfiques
Autor principal: Mayer, Enrique José (autor)
Format: Llibre
Idioma:espanyol
Publicat: Lima Instituto de Estudios Peruanos 2004
Edició:1a. ed
Col·lecció:Estudios de la Sociedad Rural, 28
Matèries:
Etiquetes: Afegir etiqueta
Sense etiquetes, Sigues el primer a etiquetar aquest registre!

MARC

LEADER 00000cam a2200000 a 4500
001 UCF4394
003 CL-VaPUC
008 121206e20041200PE |||||||||||||||||spa|d
020 |a 9972511162 
082 0 4 |a 640.980  |b MAY  |2 21 
100 |a Mayer, Enrique José  |e autor  |9 316921 
245 1 0 |a Casa, chacra y dinero: economías domésticas y ecología en los Andes 
250 |a 1a. ed 
300 |a 412 p 
942 |c BK 
945 |d 20121206 00:00:00  |a dcastane 
260 |a Lima  |b Instituto de Estudios Peruanos  |c 2004 
650 7 |a ECONOMIA DOMESTICA  |2 CL-VaPUC  |9 338711 
650 7 |a ECONOMIA DE AMERICA  |2 CL-VaPUC  |9 446231 
583 |a last modification  |c 20121206 10:49:00  |k Rodrigo Vera 
490 0 |a Estudios de la Sociedad Rural, 28 
999 |c 350201  |d 350199 
952 |0 0  |1 0  |4 0  |6 640_980000000000000_MAY_2004  |7 0  |8 X  |9 453420  |a FDOMLP  |b FDOMLP  |d 2019-11-22  |i 4930215  |o 640.980 MAY 2004  |p 4930215  |r 2019-11-22  |w 2019-11-22  |y BK_X  |k BUD